000 00662nam a2200265Ia 4500
005 20260121170328.0
008 008 260114s9999 xx 000 0 eng d
020 _a9781137602053
037 _aEBOOK
040 _aCRL
040 _beng
040 _cCRL
041 _2eng
041 _aeng
084 _qCRL
100 _aScarlett Cornelissen, Yoichi Mine
_91062552
245 0 _aMigration and Agency in a Globalizing World
260 _bSpringer
260 _bSpringer
260 _c2018
856 _uhttps://link.springer.com/openurl?genre=book&isbn=978-1-137-60205-3
942 _cEBOOK
999 _c1628281
_d1628281